Getting things done on your PC / (Record no. 61889)

MARC details
000 -LEADER
fixed length control field 00511nam a22001577a 4500
005 - DATE AND TIME OF LATEST TRANSACTION
control field 20120203121223.0
008 - FIXED-LENGTH DATA ELEMENTS--GENERAL INFORMATION
fixed length control field 120203t xxu||||| |||| 00| 0 eng d
020 ## - INTERNATIONAL STANDARD BOOK NUMBER
International Standard Book Number 0751346454
Terms of availability 00.00
035 ## - SYSTEM CONTROL NUMBER
System control number B-83040
040 ## - CATALOGING SOURCE
Original cataloging agency DPL
Language of cataloging ENG
245 ## - TITLE STATEMENT
Title Getting things done on your PC /
260 ## - PUBLICATION, DISTRIBUTION, ETC. (IMPRINT)
Place of publication, distribution, etc London
Name of publisher, distributor, etc Dorling Kindersley Ltd.
Date of publication, distribution, etc 2002
300 ## - PHYSICAL DESCRIPTION
Extent 512p.
Dimensions 18 cms.
942 ## - ADDED ENTRY ELEMENTS (KOHA)
Source of classification or shelving scheme Dewey Decimal Classification
Item type English Books
Classification part 004
Call number suffix GET
Holdings
Withdrawn status Lost status Source of classification or shelving scheme Damaged status Not for loan Collection code Home library Current library Shelving location Date acquired Cost, normal purchase price Total Checkouts Full call number Barcode Date last seen Cost, replacement price Koha item type
    Dewey Decimal Classification     Non-fiction Sarojini Nagar Sarojini Nagar General Stacks 03/02/2012 0.00   004 GET B-83040 03/02/2012 0.00 English Books

© Delhi Public Library
Hit Counter
free hit counter